Active control of vibration in small and medium amplitude range of elements in automotive systems / (Rekord nr 7900)
| 000 -ETYKIETA REKORDU | |
|---|---|
| podpole kontrolne o stałej długości | 01349nab a22002057i 4500 |
| 003 - IDENTYFIKATOR NUMERU KONTROLNEGO REKORDU | |
| podpole kontrolne | KOSZ 005 |
| 005 - DATA OSTATNIEJ MODYFIKACJI REKORDU | |
| podpole kontrolne | 20170224131151.0 |
| 008 - POLE O STAŁEJ DŁUGOŚCI - DANE KONTROLNE | |
| podpole kontrolne o stałej długości | 160308s2009 ||||| ||||0|| ||eng |
| 035 ## - NUMER SYSTEMOWY | |
| Numer systemowy przejętego rekordu | PBN-R:251913 |
| 040 ## - ŹRÓDŁO KATALOGOWANIA | |
| Instytucja, która utworzyła rekord | KOSZ 005/md |
| Instytucja, która sporządziła opis | PBN-ID |
| 041 0# - KOD JĘZYKA | |
| Kod języka tekstu | eng |
| 100 ## - NAZWA OSOBOWA | |
| Nazwa osobowa | KRZYŻYŃSKI, Tomasz. |
| Lata pracy | 1997 - . |
| Instytucja | Politechnika Koszalińska - Instytut Mechatroniki, Nanotechnologii i Techniki Próżniowej, |
| Wydział | Zakład Mechatroniki i Mechaniki Stosowanej |
| 245 10 - TYTUŁ/ODPOWIEDZIALNOŚĆ | |
| Tytuł | Active control of vibration in small and medium amplitude range of elements in automotive systems / |
| Pozostałe elementy strefy tytułu i oznaczenia odpowiedzialności | Tomasz Krzyżyński, Igor Maciejewski, Krzysztof Wierzcholski, Robert Oleśkiewicz. |
| 260 ## - STREFA ADRESU WYDAWNICZEGO | |
| Data publikacji, dystrybucji/powstania dokumentu | 2009. |
| 700 1# - HASŁO DODATKOWE - NAZWA OSOBOWA | |
| Nazwa osobowa | MACIEJEWSKI, Igor. |
| Lata pracy | 2006 - . |
| Instytucja | Politechnika Koszalińska - Instytut Mechatroniki, Nanotechnologii i Techniki Próżniowej, |
| Wydział | Zakład Mechatroniki i Mechaniki Stosowanej |
| 700 1# - HASŁO DODATKOWE - NAZWA OSOBOWA | |
| Nazwa osobowa | OLEŚKIEWICZ, Robert. |
| Instytucja | Politechnika Koszalińska - Instytut Mechatroniki, Nanotechnologii i Techniki Próżniowej |
| Wydział | Zakład Mechatroniki i Mechaniki Stosowanej |
| 773 08 - TYTUŁ DOKUMENTU MACIERZYSTEGO | |
| Wyrażenie wprowadzające | W: |
| Tytuł | Archive of Applied Mechanics. - |
| ISSN | 0939-1533 |
| Adres wydawniczy | Springer |
| Informacje dotyczące relacji | 2009, nr 79(6-7), s. 587-594. |
| 700 ## - HASŁO DODATKOWE - NAZWA OSOBOWA | |
| Nazwa osobowa | WIERZCHOLSKI, Krzysztof. |
| Lata pracy | 1996 - . |
| Instytucja | Politechnika Koszalińska - Instytut Mechatroniki, Nanotechnologii i Techniki Próżniowej, |
| Wydział | Zakład Mechatroniki i Mechaniki Stosowanej |
| 942 ## - HASŁO DODATKOWE - ELEMENTY(KOHA) | |
| Typ dokumentu | Artykuł |
| Schemat klasyfikacji | Uniwersalna klasyfikacja dziesiętna |
Brak dostępnych egzemplarzy.
